| 000 | 00639nam a22002177a 4500 | ||
|---|---|---|---|
| 999 |
_c20923 _d20923 |
||
| 003 | AR-CdUCM | ||
| 008 | 190402b ||||| |||| 00| 0 spa d | ||
| 040 |
_aMUNICIPALIDAD PROVINCIAL DEL CUSCO _cBIBLIOTECA MUNICIPAL DEL CUSCO |
||
| 082 |
_aEP / 895.1 / _bY89 |
||
| 100 |
_aYue, Ma _943656 |
||
| 245 | _aEl gatito blanco / | ||
| 260 |
_c1985. _aChina : _bZhaohua, |
||
| 300 |
_bIlustraciones, _c28 cm. |
||
| 500 | _aTexto sin numeración de páginas. | ||
| 505 | _aContenido : Cuento. | ||
| 650 |
_a Literatura infantil _9588 |
||
| 650 |
_aCuentos. _9217 |
||
| 700 |
_aCheng´an, Jiang _943657 |
||
| 942 |
_2ddc _cLIBROS |
||
| 945 | _arcc | ||